000 00694nam a2200241Ia 4500
003 OSt
005 20220925231745.0
006 a|||||r|||| 00| 0
007 ta
008 220923b |||||||| |||| 00| 0 eng d
037 _cGeneral Book
040 _aRTL
_cRTL
_beng
041 _2eng
_aeng
082 _aRxJ61:g, N3
100 _aFaulkner Robert K
_9296074
245 0 _aFrancis Bacon and the project of progress
260 _aMaryland
_bRowman and Littlefield
_c1993
300 _aix, 308p
_ccm.
500 _aAppendix p.283-93
650 _aPhilosophy-Francis Bacon
_9249453
942 _hRxJ61:g, N3
_cGB
_2CC
999 _c589388
_d589388